Detektivky z Redwood Grove. Vražda v knihkupectví /

Úvodní díl detektivní série z pera americké autorky.

Uloženo v:
Série:Detektivky z Redwood Grove, část 1
Hlavní autor: Alexander, Ellie (Autor)
Další autoři: Nejedlá, Marcela, 1958- (Autor)
Médium: Kniha
Jazyk:Czech
Vydáno: V Praze : Motto, 2026
Témata:
Celkem bylo vypůjčeno:0x
Příbuzné jednotky:Z cyklu:: Detektivky z Redwood Grove
Tagy:
Žádné tagy
LEADER 02213nam a2200433 i 4500
001 106359
003 CZ PrNK
005 20260514104837.0
007 ta
008 260430s2026 xr g 000 f cze
015 |a cnb003755667 
020 |a 9788026760672  |q (brožováno) :  |c Kč 399,00 
040 |a ABG001  |b cze  |e rda 
041 1 |a cze  |h eng 
072 7 |a 821.111(73)-3  |x Americká próza  |2 Konspekt  |9 25 
080 |a 821.111(73)-31  |2 MRF 
080 |a (0:82-312.4)  |2 MRF 
100 1 |a Alexander, Ellie  |7 xx0344745  |4 aut  |9 117358 
240 1 0 |a Body in the bookstore.  |l Česky 
245 1 0 |a Detektivky z Redwood Grove.  |p Vražda v knihkupectví /  |c Ellie Alexander ; přeložila Marcela Nejedlá 
246 3 0 |a Vražda v knihkupectví 
264 1 |a V Praze :  |b Motto,  |c 2026 
300 |a 282 stran ;  |c 20 cm 
336 |a text  |b txt  |2 rdacontent 
337 |a bez média  |b n  |2 rdamedia 
338 |a svazek  |b nc  |2 rdacarrier 
500 |a Přeloženo z angličtiny 
520 2 |a Úvodní díl detektivní série z pera americké autorky.  |b Annie miluje detektivky a práce v knihkupectví je pro ni splněným snem. Jenže prodeje klesají, a tak uspořádá Detektivní festival, který zachrání i další podniky v ospalém městečku Redwood Grove - včetně hospody, jejíž majitel Liam akci moc nefandí. Ale pak je mezi regály s knihami objevena zavražděná žena a Annie má možnost využít své znalosti ze studia kriminalistiky. Podezřelí přibývají a Liam se nečekaně stává jejím spojencem. Dokáže Annie odhalit vraha dřív, než se festival promění v ještě větší drama? Nakladatelská anotace. 
655 7 |a americké romány  |7 fd131796  |2 czenas  |9 53403 
655 7 |a detektivní romány  |7 fd132010  |2 czenas  |9 53536 
655 9 |a American fiction  |2 eczenas 
655 9 |a detective novels  |2 eczenas 
700 1 |a Nejedlá, Marcela,  |d 1958-  |7 jn20001005461  |4 trl  |9 113995 
710 2 |a Motto (nakladatelství)  |7 xx0183724  |4 pbl  |9 117173 
787 0 8 |i Z cyklu:  |t Detektivky z Redwood Grove  |g 1 
910 |a UOG502 
942 |2 ddc  |c KN 
999 |d 106359 
993 |0 0  |1 421180107080  |2 ddc  |4 0  |7 0  |9 99742  |b 0  |c 107080  |d 2026-05-14  |e 0  |f DOSP  |h 399.00  |i Koupě  |l DOSP  |r 2026-05-15  |t 6  |w 2026-05-14  |y KN  |z BELET  |n